Europe and the Far East, 1506-1912, (Record no. 92039)

MARC details
000 -LEADER
fixed length control field 00918cam a22002411 4500
001 - CONTROL NUMBER
control field w 13000062
003 - CONTROL NUMBER IDENTIFIER
control field DLC
005 - DATE AND TIME OF LATEST TRANSACTION
control field 20260227112808.0
008 - FIXED-LENGTH DATA ELEMENTS--GENERAL INFORMATION
fixed length control field 771012s1913 xx 000 0 eng
010 ## - LIBRARY OF CONGRESS CONTROL NUMBER
LC control number w 13000062
035 ## - SYSTEM CONTROL NUMBER
System control number (OCoLC)3335034
040 ## - CATALOGING SOURCE
Original cataloging agency DLC
Transcribing agency OTU
Modifying agency DLC
050 00 - LIBRARY OF CONGRESS CALL NUMBER
Classification number DS511
Item number .D73 1913
100 1# - MAIN ENTRY--PERSONAL NAME
Personal name Douglas, Robert K.
Fuller form of name (Robert Kennaway),
Titles and words associated with a name Sir,
Dates associated with a name 1838-1913.
245 10 - TITLE STATEMENT
Title Europe and the Far East, 1506-1912,
Statement of responsibility, etc. by Sir Robert K. Douglas...rev. and cor. with an additional chapter (1904-1912) by Joseph H. Longford.
260 ## - PUBLICATION, DISTRIBUTION, ETC.
Place of publication, distribution, etc. Cambridge [Eng.]
Name of publisher, distributor, etc. University press,
Date of publication, distribution, etc. 1913.
300 ## - PHYSICAL DESCRIPTION
Extent vii, 487 p.
Other physical details 6 fold. maps.
Dimensions 20 cm.
490 0# - SERIES STATEMENT
Series statement Cambridge historical series, ed. by G. W. Prothero
500 ## - GENERAL NOTE
General note First edition, 1904: revised edition, 1913.
504 ## - BIBLIOGRAPHY, ETC. NOTE
Bibliography, etc. note Bibliography: p. 463-475.
650 #0 - SUBJECT ADDED ENTRY--TOPICAL TERM
Topical term or geographic name entry element Eastern question (Far East)
700 1# - ADDED ENTRY--PERSONAL NAME
Personal name Longford, Joseph H.
Fuller form of name (Joseph Henry),
Dates associated with a name 1849-1925.

No items available.

Powered by Koha